<?xml version="1.0" encoding="UTF-8"?>
<record
    xmlns:xsi="http://www.w3.org/2001/XMLSchema-instance"
    xsi:schemaLocation="http://www.loc.gov/MARC21/slim http://www.loc.gov/standards/marcxml/schema/MARC21slim.xsd"
    xmlns="http://www.loc.gov/MARC21/slim">

  <leader>00746nam a22001577a 4500</leader>
  <controlfield tag="005">20250821114509.0</controlfield>
  <controlfield tag="008">250821b        |||||||| |||| 00| 0 eng d</controlfield>
  <datafield tag="050" ind1=" " ind2=" ">
    <subfield code="a">THE LB 1629 .K4 C44 2020</subfield>
    <subfield code="b">C.1</subfield>
  </datafield>
  <datafield tag="100" ind1=" " ind2=" ">
    <subfield code="a">Chemutai, Irene</subfield>
  </datafield>
  <datafield tag="245" ind1=" " ind2=" ">
    <subfield code="a">Influence of School-Based Factors on Students' Performance in Kiswahili in Public Mixed Day Secondary Schools in Nyamira North Sub-County, Kenya</subfield>
  </datafield>
  <datafield tag="260" ind1=" " ind2=" ">
    <subfield code="a">Kisii</subfield>
    <subfield code="b">Kisii University</subfield>
    <subfield code="c">2020</subfield>
  </datafield>
  <datafield tag="300" ind1=" " ind2=" ">
    <subfield code="a">xvi, 110p.:ill.</subfield>
  </datafield>
  <datafield tag="500" ind1=" " ind2=" ">
    <subfield code="a">Includes bibliographical references</subfield>
  </datafield>
  <datafield tag="650" ind1=" " ind2=" ">
    <subfield code="a">1. Academic achievement&#x2014;Kenya&#x2014;Nyamira North Sub-County. 2. Kiswahili language&#x2014;Study and teaching (Secondary)&#x2014;Kenya. 3. High school students&#x2014;Kenya&#x2014;Performance. 4. Mixed schools&#x2014;Kenya.</subfield>
  </datafield>
  <datafield tag="942" ind1=" " ind2=" ">
    <subfield code="2">lcc</subfield>
    <subfield code="c">REF</subfield>
  </datafield>
  <datafield tag="999" ind1=" " ind2=" ">
    <subfield code="c">216047</subfield>
    <subfield code="d">216047</subfield>
  </datafield>
  <datafield tag="952" ind1=" " ind2=" ">
    <subfield code="0">0</subfield>
    <subfield code="1">0</subfield>
    <subfield code="2">lcc</subfield>
    <subfield code="4">0</subfield>
    <subfield code="6">THE L B1629 K4  C00044 02020</subfield>
    <subfield code="7">0</subfield>
    <subfield code="8">SC</subfield>
    <subfield code="9">372873</subfield>
    <subfield code="a">KSUL</subfield>
    <subfield code="b">KSUL</subfield>
    <subfield code="d">2025-08-21</subfield>
    <subfield code="i">108048</subfield>
    <subfield code="l">0</subfield>
    <subfield code="o">THE LB 1629 .K4 C44 2020</subfield>
    <subfield code="p">000000024828</subfield>
    <subfield code="r">2025-08-21 11:47:30</subfield>
    <subfield code="t">C.1</subfield>
    <subfield code="w">2025-08-21</subfield>
    <subfield code="y">REF</subfield>
  </datafield>
</record>
